| 000 | 00641nam a2200241 a 4500 | ||
|---|---|---|---|
| 001 | nice12345678 | ||
| 003 | IN_TiNIC | ||
| 005 | 20260116012259.0 | ||
| 008 | 050524s1981 u ka grp 000 0 eng | ||
| 020 |
_a0860372 _c100 |
||
| 082 | 0 | 0 |
_a330.10297 _bHAS |
| 100 | _aHasanuz Zaman, S M | ||
| 245 | _aEconomic Functions of Islamic State (the Early Experience) | ||
| 260 |
_aU K _bIslamic Foundation _c1981 |
||
| 300 | _a392p | ||
| 500 | _aincludes index and biblioraphy | ||
| 505 | 2 | _aIndex | |
| 650 | _aEconomics-Religious Aspect-Islam | ||
| 700 | 1 | _aHasanuz Zaman, S M | |
| 902 | _bSRS | ||
| 942 | _cBK | ||
| 999 |
_c6372 _d6372 |
||